[Event "TCh-CRO Ia Liga 2013"]
[Site "Bol CRO"]
[Date "2013.09.19"]
[Round "6.4"]
[White "Bukal,V jr"]
[Black "Loncar,R"]
[Result "1-0"]
[WhiteElo "2414"]
[BlackElo "2380"]

1.d4 Nf6 2.Bg5 d5 3.e3 Ne4 4.Bf4 e6 5.Bd3 Bd6 6.Bxe4 Bxf4 7.exf4 dxe4 8.Nc3 Nc6
9.Nge2 f5 10.d5 Ne7 11.Qd4 O-O 12.O-O-O exd5 13.Nxd5 Be6 14.Nxe7+ Qxe7 15.Qe5 Rae8
16.Rd4 Qf7 17.Qb5 c6 18.Qa5 b6 19.Qd2 a5 20.b3 c5 21.Rd6 a4 22.Qc3 axb3 23.axb3 Qa7
24.Rhd1 b5 25.Kd2 b4 26.Qa1 Qc7 27.Qa6 Qe7 28.Ke3 Bf7 29.Rd7 Qh4 30.h3 Bh5
31.Qa1 Rf7 32.Rxf7 Bxf7 33.Rd7 Qh6 34.Qa7 Qe6 35.Qc7 h6 36.Rd6 Rc8 37.Rxe6 Rxc7
38.Rb6 h5 39.Ng3 g6 40.Nf1 c4 41.Rxb4 cxb3 42.cxb3 Rc3+ 43.Kd4 Rd3+ 44.Ke5 Kg7
45.Ne3 h4 46.Rb7 Rd2 47.b4 Rxf2 48.Nc4 Rc2 49.Nd6 e3 50.Rxf7+ Kg8 51.Ra7 Rxg2
52.b5 g5 53.b6 Rb2 54.b7 e2 55.Ra1 g4 56.Kxf5 gxh3 57.Kg6 Kf8 58.Kf6 Kg8
59.f5 Kh7 60.Rg1 Rb6 61.b8=Q Rxb8 62.Rg7+  1-0

[Event "e2e4 Bedford Open 2013"]
[Site "Bedford ENG"]
[Date "2013.09.21"]
[Round "3"]
[White "Doci,S"]
[Black "Slavin,A"]
[Result "0-1"]
[WhiteElo "2075"]
[BlackElo "2366"]

1.d4 Nf6 2.Bg5 c5 3.Bxf6 exf6 4.d5 f5 5.Nf3 d6 6.e3 g6 7.c4 Bg7 8.Nc3 O-O
9.Bd3 Nd7 10.O-O Nf6 11.Qc2 Bd7 12.a4 a6 13.Nd2 Re8 14.e4 f4 15.Rab1 Ng4
16.Nf3 Rc8 17.Rfe1 Rc7 18.Re2 Bc8 19.Rbe1 Rce7 20.Qd2 Bh6 21.h3 Ne5 22.Nxe5 Rxe5
23.f3 Qh4 24.Rf2 Rg5 25.Kf1 Bg7 26.Ne2 Be5 27.Rb1 Rg3 28.Nxg3 fxg3 29.Re2 Bf4
30.Qc2 Bxh3 31.Ke1 Bg4 32.Kd1 Bxf3 33.gxf3 g2 34.Re1 Qxe1+ 35.Kxe1 g1=Q+
36.Bf1 f5 37.Qg2 Qe3+ 38.Qe2 Bg3+ 39.Kd1 Qb3+ 40.Kd2 fxe4 41.fxe4 Rf8 42.Qd3 Qb4+
43.Ke3 Be5 44.Bh3 Bd4+ 45.Ke2 Rf2+ 46.Kd1 Qxa4+ 47.Ke1 Qb4+ 48.Kd1 Kg7  0-1

[Event "TCh-CRO Ia Liga 2013"]
[Site "Bol CRO"]
[Date "2013.09.21"]
[Round "8.3"]
[White "Bukal,V jr"]
[Black "Biliskov,V"]
[Result "0-1"]
[WhiteElo "2414"]
[BlackElo "2325"]

1.d4 Nf6 2.Bg5 d5 3.e3 c5 4.Bxf6 gxf6 5.Nc3 e6 6.Qh5 f5 7.O-O-O Nd7 8.Bb5 Qf6
9.Nf3 cxd4 10.Nxd4 Bg7 11.f4 Qg6 12.Qf3 a6 13.Bxd7+ Bxd7 14.Nce2 O-O-O 15.Kb1 Kb8
16.Nc1 Rc8 17.Rhg1 h5 18.h3 Bf8 19.Qe2 Be7 20.Qe1 Rc7 21.Rd3 Ka7 22.Rb3 b6
23.Nd3 f6 24.Nb4 Rhc8 25.g4 hxg4 26.hxg4 fxg4 27.f5 Qf7 28.fxe6 Bxe6 29.Nd3 Bd7
30.Nf4 Bc5 31.Qd2 Rd8 32.Rd3 Bc8 33.Qg2 Bxd4 34.Rxd4 Bf5 35.Nd3 Qe6 36.Qf2 Be4
37.Qf4 Rdc8 38.Rc1 f5 39.a4 Qc6 40.b3 Qc3 41.Qd6 Bxd3 42.Rxd3 Qxd3  0-1

[Event "Caissa IM September 2013"]
[Site "Kecskemet HUN"]
[Date "2013.09.24"]
[Round "4.2"]
[White "Vamos,V"]
[Black "Sean,W"]
[Result "1/2-1/2"]
[WhiteElo "2181"]
[BlackElo "2338"]

1.d4 Nf6 2.Bg5 d5 3.e3 Nbd7 4.Nf3 h6 5.Bh4 e6 6.Nbd2 Be7 7.Bd3 c5 8.c3 b6
9.O-O Bb7 10.Rc1 g5 11.Bg3 Ne4 12.Bxe4 dxe4 13.Ne5 h5 14.Nxd7 Qxd7 15.f3 h4
16.Be1 exf3 17.Nxf3 h3 18.Bg3 f6 19.dxc5 Qxd1 20.Rcxd1 hxg2 21.Rf2 bxc5 22.Ne1 Bd5
23.a3 O-O-O 24.Rfd2 Kb7 25.Nxg2 Kc6 26.Ne1 Be4 27.Rxd8 Rxd8 28.Rxd8 Bxd8
29.c4 Ba5 30.h4 Bd2 31.Kf2 Bc1 32.hxg5 Bxb2 33.gxf6 Bxf6 34.Ke2 Bb2 35.a4 Kb6
36.Nd3 Bxd3+ 37.Kxd3 Bf6 38.Kc2 a6 39.Bd6 Bd8 40.e4 Bc7 41.Be7 Be5 42.Bd8+  1/2-1/2

[Event "12th Forchheim Open A 2013"]
[Site "Forchheim GER"]
[Date "2013.09.27"]
[Round "1.11"]
[White "Wenninger,P"]
[Black "Mager,D"]
[Result "1-0"]
[WhiteElo "2231"]
[BlackElo "2054"]

1.d4 Nf6 2.Bg5 d5 3.Bxf6 exf6 4.g3 Be6 5.Bg2 Nd7 6.e3 Be7 7.Ne2 f5 8.Nd2 Nf6
9.Nf4 c6 10.c3 O-O 11.O-O Ne4 12.f3 Nd6 13.e4 Qd7 14.exd5 cxd5 15.Nb3 Nc4
16.Qe2 Bd6 17.Nxe6 fxe6 18.Rae1 Rfe8 19.f4 a5 20.Rf3 b5 21.Nd2 Nxb2 22.Re3 Kf8
23.Rxe6 Na4 24.Bxd5 Nxc3 25.Qf3 Nxd5 26.Qxd5 Rxe6 27.Rxe6 Rd8 28.Nf3 g6 29.Ng5 Be7
30.Nxh7+ Kg7 31.Qe5+ Kf7 32.d5 Qa7+ 33.Kg2 Qc5 34.Rf6+ Ke8 35.Rf8+ Kd7 36.Qe6+ Kc7
37.Rf7  1-0

[Event "St Petersburg Rapid Cup 2013"]
[Site "St Petersburg RUS"]
[Date "2013.09.28"]
[Round "2.1"]
[White "Yemelin,V"]
[Black "Malakhov,I"]
[Result "1-0"]
[WhiteElo "2559"]
[BlackElo "2434"]

1.d4 Nf6 2.Bg5 d5 3.e3 e6 4.Nd2 Be7 5.f4 c5 6.c3 cxd4 7.exd4 Qc7 8.Qf3 h6
9.Bxf6 Bxf6 10.Nh3 b6 11.Nf2 Ba6 12.Bxa6 Nxa6 13.O-O g6 14.Ng4 Bg7 15.Ne5 O-O
16.h4 Qe7 17.Qh3 Nb8 18.Rae1 Nd7 19.Nxd7 Qxd7 20.h5 gxh5 21.Nf3 Qb5 22.Rf2 Qd3
23.Qxh5 b5 24.Ne5 Qf5 25.Qxf5 exf5 26.Nc6 Bf6 27.Ne7+ Bxe7 28.Rxe7 a5 29.Re5 Rfd8
30.Rxf5 b4 31.Rf3 Rab8 32.Rg3+ Kf8 33.Rf6 bxc3 34.bxc3 Rb2 35.a4 Ra2 36.Rxh6 Rxa4
37.Rg5 Rd7 38.Rh8+ Ke7 39.Re5+ Kd6 40.Ra8 Kc6 41.f5 Kb7 42.Ree8 Rc7 43.Reb8+ Kc6
44.f6 Ra3 45.Rd8 Kb7 46.Rdb8+ Kc6 47.Ra6+ Kd7 48.Rb5 Rcxc3 49.Rxd5+ Kc7 50.Ra7+ Kc6
51.Rdd7 Rg3 52.Rac7+ Kb6 53.Rc2 Ra1+ 54.Kf2 Rg5 55.Rxf7 Rf5+ 56.Ke3 Raf1
57.g4 Rxf6 58.Rxf6+ Rxf6 59.g5 Rf8 60.Ke4 a4 61.g6 Kb5 62.Ke5 Kb4 63.g7 Rg8
64.Kf6 Kb3 65.Rc7 Ra8 66.Kf7  1-0

[Event "Grand Open Blagoevgrad 2013"]
[Site "Blagoevgrad BUL"]
[Date "2013.09.29"]
[Round "3.8"]
[White "Drazic,S"]
[Black "Mourelatos,I"]
[Result "1-0"]
[WhiteElo "2461"]
[BlackElo "2154"]

1.d4 Nf6 2.Bg5 c5 3.dxc5 Na6 4.Nc3 Nxc5 5.f3 Qb6 6.e4 Ne6 7.Bd2 Nd4 8.e5 Qe6
9.Nge2 Nxe2 10.Qxe2 Nd5 11.f4 Nxc3 12.Bxc3 b6 13.g4 Bb7 14.f5 Qh6 15.Rg1 e6
16.Rg3 Be7 17.Bd2 Bg5 18.O-O-O Bxd2+ 19.Rxd2 Qf4 20.Bg2 Bxg2 21.Rxg2 O-O-O
22.Rf2 Qa4 23.Kb1 Kb8 24.b3 Qa5 25.Qe4 exf5 26.gxf5 Qc5 27.Qf4 Qc7 28.Rd6 Rhe8
29.Rfd2 Qc3 30.e6 Ka8 31.Qe4+ Kb8 32.Rxd7 Qc8 33.Qe5+ Ka8 34.Qd5+  1-0

[Event "Tatry Open 2013"]
[Site "Tatranske Zruby SVK"]
[Date "2013.09.30"]
[Round "2.2"]
[White "Cech,P"]
[Black "Jarmula,L"]
[Result "1-0"]
[WhiteElo "2389"]
[BlackElo "2226"]

1.d4 Nf6 2.Bg5 c5 3.Bxf6 exf6 4.dxc5 Bxc5 5.e3 Qb6 6.Qc1 O-O 7.Bd3 Re8 8.Ne2 Nc6
9.Nbc3 Ne5 10.O-O Ng4 11.Nd5 Qd6 12.Nef4 Qe5 13.Qd1 f5 14.h3 Nh6 15.Bc4 Bd6
16.Qd4 Qxd4 17.exd4 b6 18.Ne2 Bb7 19.Nec3 Rac8 20.Bd3 f6 21.Rfe1 Kf8 22.Rxe8+ Rxe8
23.a4 Bb8 24.a5 bxa5 25.Kf1 a6 26.Rxa5 Ba7 27.Ne2 Re6 28.c3 Rd6 29.Ne3 g6
30.Nc4 Rc6 31.Nf4 Nf7 32.Nd5 Nd6 33.Nce3 Ne4 34.Nb4 Re6 35.Bxa6 Nd2+ 36.Ke2 Bb6
37.Bxb7 Bxa5 38.Kxd2 Bxb4 39.cxb4 Rb6 40.Bf3 Rxb4 41.Kc3 Rb8 42.b4 Ke7 43.Nc4 g5
44.Ne3 f4 45.Nd5+ Ke6 46.Nc7+ Kd6 47.Na6 Rc8+ 48.Nc5 Kc7 49.b5 d6 50.Na4 Kb8+
51.Bc6 Rc7 52.Nb6 Re7 53.Nd7+ Kc8 54.Nxf6  1-0

[Event "Grand Open Blagoevgrad 2013"]
[Site "Blagoevgrad BUL"]
[Date "2013.10.02"]
[Round "7.31"]
[White "Stoyanov,Svetlomir"]
[Black "Tevdovski,Zoran"]
[Result "1/2-1/2"]
[WhiteElo "1965"]
[BlackElo "1710"]

1.d4 Nf6 2.Bg5 d5 3.Bxf6 exf6 4.e3 c5 5.c3 Qb6 6.Qb3 c4 7.Qxb6 axb6 8.e4 Be6
9.Nd2 b5 10.exd5 Bxd5 11.Ngf3 Nd7 12.Be2 Nb6 13.O-O Bd6 14.Nh4 g6 15.Bf3 Kd7
16.b3 Bxf3 17.Nhxf3 Rhe8 18.bxc4 Nxc4 19.Nxc4 bxc4 20.Rfb1 Kc7 21.Nd2 Ra4
22.Kf1 Kc6 23.Rb2 Ba3 24.d5+ Kc7 25.Rb5 b6 26.Re1 Rxe1+ 27.Kxe1 f5 28.Nf3 Bc5
29.Ng5 Rxa2 30.Nxf7 Bxf2+ 31.Kf1 Bc5 32.Ne5 Kd6 33.Nxc4+ Kxd5 34.Nb2 Ra1+
35.Ke2 Ke4 36.Nc4 Kd5 37.Kd3 Rd1+ 38.Nd2 Rg1 39.Nc4 Kc6 40.Rb2 Rh1 41.h3 g5
42.Ne5+ Kd5 43.Nd7 Kc6 44.Ne5+ Kc7 45.Nf7 g4 46.hxg4 fxg4 47.Ng5 h5 48.Re2 h4
49.Kc4 h3 50.gxh3 gxh3 51.Ne6+ Kd6 52.Nxc5 bxc5 53.Rd2+ Kc6 54.Rf2 Kd6 55.Rf6+ Ke5
56.Rh6 h2 57.Kxc5  1/2-1/2

[Event "Grand Open Blagoevgrad 2013"]
[Site "Blagoevgrad BUL"]
[Date "2013.10.03"]
[Round "8.6"]
[White "Kukov,V"]
[Black "Kanakaris,G"]
[Result "1-0"]
[WhiteElo "2410"]
[BlackElo "2305"]

1.d4 Nf6 2.Bg5 d5 3.Bxf6 exf6 4.e3 Bd6 5.Bd3 O-O 6.Nd2 f5 7.Qf3 Re8 8.Bxf5 Nc6
9.c3 Bxf5 10.Qxf5 Ne7 11.Qd3 Ng6 12.Ne2 Qg5 13.O-O Nh4 14.Ng3 Re6 15.f4 Qg4
16.Nf3 Rae8 17.Ne5 Bxe5 18.dxe5 Rh6 19.Qxd5 c6 20.Qd1 Qe6 21.Qb3 Qg4 22.Rad1 Ng6
23.Qc2 Qh4 24.Nf5 Qxh2+ 25.Kf2 Rh3 26.Rh1 Qxh1 27.Rxh1 Rxh1 28.Qd3 Nf8 29.Qd6 Rb1
30.Qd2 h5 31.Qc2 Ra1 32.Nd6 Re7 33.Qf5 Rxa2 34.Qxh5 Rxb2+ 35.Kf3 a5 36.Qg5 Rd7
37.Ne4 Kh8 38.f5 Rb5 39.f6 gxf6 40.Nxf6 Ng6 41.Qh6+  1-0

[Event "Tatry Open 2013"]
[Site "Tatranske Zruby SVK"]
[Date "2013.10.04"]
[Round "7.14"]
[White "Hlinka,V"]
[Black "Langner,L1"]
[Result "0-1"]
[WhiteElo "2103"]
[BlackElo "2353"]

1.d4 Nf6 2.Bg5 d5 3.e3 g6 4.Nd2 Bg7 5.Bd3 Nbd7 6.Ngf3 O-O 7.O-O Re8 8.c3 e5
9.dxe5 Nxe5 10.Nxe5 Rxe5 11.Nf3 Re8 12.h3 c5 13.Qa4 h6 14.Bh4 Bd7 15.Bb5 Bxb5
16.Qxb5 Qb6 17.Qxb6 axb6 18.Bxf6 Bxf6 19.Rfd1 Red8 20.Rd2 Kf8 21.a3 Ke7 22.Rad1 Ke6
23.Kf1 h5 24.h4 Rd7 25.g3 b5 26.Kg2 Ra4 27.Rc2 Kd6 28.Rcd2 Kc6 29.Rc2 Rg4
30.Rcd2 Rc4 31.Kf1 b4 32.cxb4 cxb4 33.b3 Rc3 34.axb4 Rxb3 35.Nd4+ Bxd4 36.Rxd4 f5
37.Rc1+ Kb6 38.Rc5 Rxb4  0-1

[Event "4NCL Team Rapid 2013"]
[Site "Daventry ENG"]
[Date "2013.10.05"]
[Round "4.6"]
[White "Freeman,R"]
[Black "Connor,Stephen J"]
[Result "1-0"]
[WhiteElo "2030"]
[BlackElo "2004"]

1.d4 Nf6 2.Bg5 d5 3.Bxf6 exf6 4.e3 Bf5 5.Bd3 Bxd3 6.Qxd3 c6 7.Nf3 Bd6 8.O-O O-O
9.b3 Nd7 10.c4 a6 11.Nc3 dxc4 12.bxc4 c5 13.Rfd1 Bb8 14.dxc5 Qa5 15.Qxd7 Qxc3
16.Qxb7 Qxc4 17.Rac1 Qxa2 18.c6 Ra7 19.Qxa7 Bxa7 20.c7 Qe6 21.Rd8 Qc8  1-0

[Event "4NCL Team Rapid 2013"]
[Site "Daventry ENG"]
[Date "2013.10.05"]
[Round "5.2"]
[White "Freeman,R"]
[Black "Mayhew,A"]
[Result "0-1"]
[WhiteElo "2030"]
[BlackElo "2058"]

1.d4 Nf6 2.Bg5 g6 3.Bxf6 exf6 4.e3 Bg7 5.g3 d6 6.Bg2 f5 7.Ne2 Nd7 8.O-O Nf6
9.c4 h5 10.h4 O-O 11.Nbc3 Re8 12.Nf4 Ng4 13.Nh3 c6 14.b4 Bd7 15.Qb3 Nxe3
16.fxe3 Rxe3 17.Rae1 Rxg3 18.Rf3 Rxf3 19.Bxf3 Qxh4 20.Nf2 Qg3+ 21.Bg2 Bxd4
22.Nd1 Qxb3 23.axb3 Re8 24.Rxe8+ Bxe8 25.Kf1 g5 26.Ke2 g4 27.Nd3 Kg7 28.Nf4 Kh6
29.Kd3 Be5 30.Ke3 Kg5 31.Nd3 h4 32.b5 h3 33.Bh1 g3 34.bxc6 bxc6 35.Kf3 f4
36.N1f2 Bd7 37.Ne4+ Kh4 38.Nxf4 Bxf4 39.Kxf4 g2 40.Bxg2 hxg2 41.Nd2 Bg4  0-1

[Event "TCh-AUT 2nd Ost 2013-14"]
[Site "Vienna AUT"]
[Date "2013.10.05"]
[Round "1.6"]
[White "Hechl,G"]
[Black "Bezuch,M"]
[Result "0-1"]
[WhiteElo "2182"]
[BlackElo "2295"]

1.d4 Nf6 2.Bg5 g6 3.Bxf6 exf6 4.g3 Bg7 5.Bg2 O-O 6.e3 d6 7.Ne2 Re8 8.O-O Nd7
9.c4 Nf8 10.Nbc3 c6 11.b4 a6 12.a4 h5 13.Qd3 Bf5 14.e4 Bg4 15.h3 Bc8 16.b5 Qc7
17.f4 f5 18.e5 dxe5 19.dxe5 Be6 20.bxc6 bxc6 21.Qd4 Red8 22.Qc5 Rac8 23.Nd4 f6
24.Nxc6 fxe5 25.fxe5 Kh7 26.Qe3 Bxc4 27.Rfd1 Re8 28.Rab1 Re6 29.Nd4 Rxe5
30.Qf2 Qc5 31.Rb7 Rc7 32.Rxc7 Qxc7 33.Nf3 Re7 34.Ng5+ Kh6 35.h4 Bxc3 36.Rc1 Qe5
37.Kh2 Bg8 38.Be4 Bd4 39.Qd2 Kg7 40.Nf3 Qxe4 41.Re1 Rd7 42.Rxe4 Bg1+ 43.Kxg1 Rxd2
44.Re7+ Kf6 45.Re8 Rd1+ 46.Kf2 Kg7 47.Re7+ Kh8 48.Re8 Nh7 49.Ra8 Rd6 50.Ne5 Re6
51.Nd3 Nf6 52.Nc5 Ne4+  0-1

[Event "Chigorin Memorial"]
[Site "St Petersburg RUS"]
[Date "2013.10.08"]
[Round "4.54"]
[White "Gogin,Maksim"]
[Black "Ovod,E"]
[Result "0-1"]
[WhiteElo "2075"]
[BlackElo "2373"]

1.d4 Nf6 2.Bg5 d5 3.Bxf6 exf6 4.e3 c6 5.Nf3 Be6 6.Nbd2 Bd6 7.a3 f5 8.c4 f4
9.e4 Qe7 10.cxd5 cxd5 11.e5 Bc7 12.Bb5+ Nd7 13.Rc1 Bb6 14.O-O O-O 15.Re1 g5
16.h3 Kh8 17.Nf1 Rg8 18.N3h2 Nf8 19.Ng4 Bxg4 20.Qxg4 Bxd4 21.Qf5 Bxb2 22.Rc2 Bxa3
23.Nh2 Qe6 24.Qd3 Bb4 25.Rb1 a5 26.Ng4 Rg7 27.Qd4 Rd8 28.Rc7 Qf5 29.Qd1 Ng6
30.Nh6 Qe6 31.Qe2 Nxe5 32.Rxf7 Qxh6 33.Qxe5 Qg6 34.Be8 Qxb1+ 35.Kh2 Qg6 36.Rf8+ Bxf8
37.Bxg6 hxg6 38.Qxg5 Be7  0-1

[Event "TCh-ISL Div1 2013-14"]
[Site "Reykjavik ISL"]
[Date "2013.10.10"]
[Round "1.1"]
[White "Bromann,T"]
[Black "Dziuba,M"]
[Result "1-0"]
[WhiteElo "2356"]
[BlackElo "2586"]

1.d4 d5 2.Bg5 Nf6 3.e3 c5 4.Bxf6 gxf6 5.Nc3 e6 6.Nge2 Nc6 7.g3 f5 8.Bg2 Bg7
9.O-O Bd7 10.Re1 Qa5 11.Nc1 c4 12.N3e2 Bh6 13.b3 b5 14.c3 Qa3 15.Rb1 Ne7
16.Qc2 O-O 17.Nf4 Bxf4 18.gxf4 Ng6 19.Ne2 Rfc8 20.Qb2 Qxb2 21.Rxb2 cxb3 22.Rxb3 a5
23.Rc1 Rc4 24.Kf1 Ne7 25.Ke1 Nc8 26.Bf1 Nd6 27.Ng3 Ra4 28.Rb2 Kf8 29.Bd3 Ke7
30.Kd2 Ra3 31.Rcc2 Rg8 32.Rb1 Rc8 33.Rbb2 Bc6 34.Rb1 Bd7 35.Rbb2 Nc4+ 36.Bxc4 dxc4
37.Ke1 b4 38.cxb4 c3 39.Rb1 Bb5 40.bxa5 Bd3 41.Rb7+ Kd6 42.Rc1 Rxa2 43.Rb3 Bc2
44.Rb7 h5 45.h4 Bd3 46.Rb3 Bc2 47.Rb7 Kc6 48.Rb6+ Kd5 49.a6 Rb2 50.Rb7 Bb3
51.a7 Bc4 52.Rc7  1-0

[Event "Chigorin Memorial"]
[Site "St Petersburg RUS"]
[Date "2013.10.10"]
[Round "6.66"]
[White "Gogin,Maksim"]
[Black "Khakimov,T"]
[Result "0-1"]
[WhiteElo "2075"]
[BlackElo "2305"]

1.d4 Nf6 2.Bg5 c5 3.Bxf6 gxf6 4.d5 Qb6 5.Qc1 Bh6 6.e3 f5 7.c4 d6 8.Nc3 Nd7
9.Nh3 Ne5 10.Qc2 Bd7 11.Nf4 Rg8 12.O-O-O O-O-O 13.Be2 a6 14.h3 Qa5 15.Qb3 Kc7
16.Kc2 Rb8 17.a4 Ng6 18.g3 Nxf4 19.exf4 Bg7 20.Ra1 Bd4 21.Rhf1 e5 22.Bf3 Rbe8
23.Nd1 e4 24.Bh5 e3 25.Nc3 Re7 26.Rfe1 Rge8 27.fxe3 Rxe3 28.Rxe3 Rxe3 29.Bxf7 Qb4
30.Qxb4 cxb4 31.Nd1 Rxg3 32.h4 b3+ 33.Kd2 Rg2+ 34.Kd3 Bxb2 35.Nxb2 Rxb2 36.Kc3 Ra2
37.Rxa2 bxa2 38.Kb2 Bxa4 39.h5 h6 40.Kxa2 Kb6 41.Kb2 Kc5 42.Kc3 Bd1 43.Be6 Bg4
44.Bc8 b5 45.cxb5 axb5 46.Be6 b4+ 47.Kd3 b3 48.Kc3 b2 49.Kxb2 Kd4 50.Kb3 Ke3  0-1

[Event "Chigorin Memorial"]
[Site "St Petersburg RUS"]
[Date "2013.10.10"]
[Round "6.101"]
[White "Kazakov,Maksym"]
[Black "Jourde,M"]
[Result "1-0"]
[WhiteElo "2062"]
[BlackElo "1849"]

1.d4 Nf6 2.Bg5 g6 3.Bxf6 exf6 4.e3 Bg7 5.Bd3 d5 6.Nd2 O-O 7.h4 h5 8.Ne2 Bg4
9.f3 Bd7 10.Nf4 Re8 11.Kf2 Bh6 12.g4 c6 13.gxh5 g5 14.Qg1 Kh8 15.hxg5 fxg5
16.Ng6+ Kg7 17.Ne5 c5 18.c3 cxd4 19.cxd4 Qa5 20.Nb3 Qb6 21.Rc1 a5 22.Qg3 Be6
23.Rc2 Nd7 24.Rhc1 a4 25.Nxd7 Bxd7 26.Nc5 Re7 27.Nxd7 Rxd7 28.Qg4 Qd6 29.Qf5 Rh8
30.Rc8 Rdd8 31.R8c7 Rdf8 32.Kg2 Qf6 33.Qxd5 Re8 34.Rxb7 Rxe3 35.Rcc7 Rf8
36.Bc4 Re6 37.Qxe6  1-0

[Event "Chigorin Memorial"]
[Site "St Petersburg RUS"]
[Date "2013.10.10"]
[Round "6.83"]
[White "Tugarin,A"]
[Black "Kazantsev,Nikita"]
[Result "1-0"]
[WhiteElo "2188"]
[BlackElo "1999"]

1.d4 Nf6 2.Bg5 c5 3.Bxf6 gxf6 4.d5 d6 5.Nd2 Bg7 6.e3 Bf5 7.c3 O-O 8.Ne2 e6
9.Ng3 Bg6 10.h4 h6 11.h5 Bh7 12.Qb3 Qe7 13.Bc4 Re8 14.O-O f5 15.Bd3 Kh8 16.a4 Nd7
17.a5 Nf6 18.c4 Ng4 19.Nf3 Ne5 20.Nxe5 Bxe5 21.f4 Rg8 22.Rf3 Qh4 23.Nf1 Qxh5
24.Rf2 Bf6 25.Qxb7 Rab8 26.Qxa7 Rxb2 27.Rxb2 Bxb2 28.Ra2 Bc3 29.Qb7 e5 30.a6 e4
31.Qb3 Bf6 32.Be2 Qg6 33.Bd1 Ra8 34.Qb7 Qg8 35.Ba4 Rb8 36.Qc6 Bg6 37.a7 Ra8
38.Qxa8 Qxa8 39.Bc6 Qg8 40.a8=Q Bd8 41.Qc8  1-0

[Event "7th Univ Cent Open 2013"]
[Site "Bogota COL"]
[Date "2013.10.11"]
[Round "3.31"]
[White "Castro,O"]
[Black "Fuentes,Carlos"]
[Result "1-0"]
[WhiteElo "2343"]
[BlackElo "1882"]

1.d4 Nf6 2.Bg5 g6 3.Nc3 d5 4.Qd2 h6 5.Bf4 c6 6.h4 Be6 7.f3 Nbd7 8.e4 dxe4
9.fxe4 Bg4 10.Nf3 Bg7 11.O-O-O Nh5 12.Be3 Ng3 13.Rg1 Nxf1 14.Rdxf1 Qa5 15.Qf2 Bxf3
16.gxf3 c5 17.Rd1 Rc8 18.h5 g5 19.f4 f6 20.fxg5 fxg5 21.Qf5 Rc6 22.dxc5 Nf8
23.Rgf1  1-0

[Event "66th ch-RUS 2013"]
[Site "Nizhny Novgorod RUS"]
[Date "2013.10.11"]
[Round "6.4"]
[White "Andreikin,D"]
[Black "Goganov,A"]
[Result "1-0"]
[WhiteElo "2706"]
[BlackElo "2575"]

1.d4 d5 2.Bg5 Nf6 3.e3 c5 4.Bxf6 gxf6 5.dxc5 e6 6.c4 dxc4 7.Nd2 c3 8.bxc3 Bxc5
9.Qg4 Nd7 10.Bb5 f5 11.Qg3 Qf6 12.Rb1 Ke7 13.Ne2 Bd6 14.f4 Nc5 15.Nd4 a6
16.Be2 Bd7 17.Qf3 b5 18.O-O Rab8 19.e4 Nxe4 20.Nxe4 fxe4 21.Qxe4 Rhc8 22.Qd3 Rc7
23.Rbd1 Bc5 24.Kh1 Rbc8 25.f5 e5 26.Ne6 Ra7 27.Bh5 fxe6 28.fxe6 Qxe6 29.Qxh7+ Kd8
30.h3 Be7 31.Bg4 Qc6 32.Rf7 Bd6 33.Qg6 Be7 34.Qg7 Qc5 35.Rf8+ Kc7 36.Rxd7+  1-0

[Event "TCh-Belgrade Premier liga 2013"]
[Site "Belgrade SRB"]
[Date "2013.10.12"]
[Round "1.3"]
[White "Zmijanac,D"]
[Black "Babic,DU"]
[Result "0-1"]
[WhiteElo "2172"]
[BlackElo "2098"]

1.d4 Nf6 2.Bg5 d5 3.e3 e6 4.Bd3 Be7 5.Nd2 O-O 6.Ngf3 Nbd7 7.O-O h6 8.Bh4 c5
9.c3 a6 10.a4 Re8 11.Qe2 b6 12.Ne5 Bb7 13.f4 Ne4 14.Bxe7 Qxe7 15.Nxe4 dxe4
16.Bc4 cxd4 17.exd4 f5 18.g4 Kh7 19.gxf5 exf5 20.Rf2 Rf8 21.Raf1 g6 22.h3 Rf6
23.Kh2 a5 24.Rg1 Rd8 25.Rfg2 Nf8 26.Rg3 Bc6 27.Qg2 Be8 28.Bb5 Rdd6 29.Qe2 Ne6
30.Bxe8 Qxe8 31.Qe3 Nc7 32.c4 Qxa4 33.d5 Na6 34.Nxg6 Rxg6 35.Rxg6 Rxg6 36.Rxg6 Kxg6
37.Qxb6+ Kh5 38.Qxa6 Qc2+ 39.Kg1 Qc1+ 40.Kg2 Qd2+ 41.Kg1 Qe3+ 42.Kg2 Qf3+
43.Kg1 Qg3+ 44.Kf1 e3  0-1

[Event "TCh-FIN SM 2013-14"]
[Site "Jyvaskyla FIN"]
[Date "2013.10.12"]
[Round "3.1"]
[White "Karttunen,M"]
[Black "Novik,Ma"]
[Result "1/2-1/2"]
[WhiteElo "2446"]
[BlackElo "2462"]

1.d4 Nf6 2.Bg5 d5 3.Bxf6 exf6 4.e3 Bd6 5.Nc3 c6 6.Qf3 f5 7.h3 h5 8.Bd3 g6
9.Nge2 Be6 10.O-O-O Nd7 11.Nf4 Nf6 12.Nxe6 fxe6 13.g4 hxg4 14.hxg4 Ke7 15.Qg2 Nxg4
16.f3 Nf6 17.e4 Bf4+ 18.Kb1 Kf7 19.Rdg1 Rg8 20.Qf2 Rh8 21.Ne2 Bc7 22.Qg2 Rg8
23.Rh6 dxe4 24.fxe4 Ng4 25.Rh7+ Rg7 26.Rh3 Qd6 27.Rf1 Ke7 28.c4 Re8 29.d5 Kd8
30.Nd4 Ne5 31.exf5 exd5 32.cxd5 Kc8 33.Be4 Rf7 34.fxg6 Rxf1+ 35.Qxf1 Qb4
36.Bf5+ Kb8 37.Nc2 Qf8 38.dxc6 Nxc6 39.Rh7 Re7 40.Qh3 Be5 41.Rxe7 Nxe7 42.Be4 Qf6
43.a4 Qb6 44.Qa3 Nxg6 45.a5 Qg1+ 46.Ka2 Qg4 47.Qb4 Qe6+ 48.Kb1 b6 49.Qb5 Ne7
50.Nb4 Kc7 51.Qa6 Kd8 52.Qxa7 bxa5 53.Qxa5+ Ke8 54.Qa8+ Kf7 55.Nd3 Bf6 56.Qb7 Qd6
57.Ka2 Qd4 58.Ka3 Qd6+ 59.b4 Qd4 60.Ka4 Ke8 61.Nc5 Be5 62.Qb5+ Kf7 63.Qf1+ Ke8
64.Qf3 Qa1+ 65.Kb5 Bd4 66.Qh5+ Kd8 67.Ne6+ Kd7 68.Qf7 Be3 69.Nf8+ Kd8 70.Qe6 Qf1+
71.Qc4 Qxc4+ 72.Kxc4 Kc7 73.Ne6+ Kb6 74.Nd8 Nc8 75.Nf7 Bf4 76.Kd5 Kb5 77.Ke6 Kxb4  1/2-1/2

[Event "TCh-BEL 2013-14"]
[Site "Belgium BEL"]
[Date "2013.10.13"]
[Round "3.8"]
[White "Winterberg,L"]
[Black "Van Heirzeele,D"]
[Result "1/2-1/2"]
[WhiteElo "2255"]
[BlackElo "2110"]

1.d4 Nf6 2.Bg5 d5 3.Nd2 c5 4.Bxf6 gxf6 5.dxc5 Nc6 6.e4 dxe4 7.Nxe4 Bf5 8.Qxd8+ Rxd8
9.Bd3 Rd5 10.Ne2 Bxe4 11.Bxe4 Rxc5 12.c3 f5 13.b4 Re5 14.Bd3 Bg7 15.f4 Rd5
16.O-O-O e6 17.Bc4 Rxd1+ 18.Rxd1 Ke7 19.Bb5 Rc8 20.a3 a5 21.Bxc6 Rxc6 22.Kc2 axb4
23.axb4 Ra6 24.Kb3 b5 25.g3 h5 26.h4 Ra8 27.c4 bxc4+ 28.Kxc4 Rc8+ 29.Kb3 Rb8
30.Ka4 Ra8+ 31.Kb3 Rb8 32.Rd3 Bf6 33.Kc4 Rc8+ 34.Kb3 Rb8 35.Rd2 Bg7 36.Ka4 Ra8+
37.Kb5 Rb8+ 38.Kc4 Rc8+ 39.Kb3 Rb8 40.Nc1 Rc8 41.Nd3 Rd8 42.Rd1  1/2-1/2

[Event "Bundesliga 2013-14"]
[Site "Berlin GER"]
[Date "2013.10.13"]
[Round "2"]
[White "Muse,D"]
[Black "Mandel,A"]
[Result "1/2-1/2"]
[WhiteElo "2408"]
[BlackElo "2408"]

1.d4 Nf6 2.Bg5 c5 3.d5 Ne4 4.Bc1 e6 5.g3 exd5 6.Qxd5 Nf6 7.Qd3 Be7 8.Bg2 O-O
9.e4 Nc6 10.Ne2 d5 11.exd5 Nb4 12.Qd1 Nbxd5 13.O-O Be6 14.Na3 Qb6 15.c3 Qa6
16.Re1 Rfd8 17.Qc2 Rac8 18.Nf4 Nxf4 19.Bxf4 Nd5 20.Bf1 Qc6 21.Bd2 Bf6 22.Nc4 Qc7
23.a4 g6 24.Rxe6 fxe6  1/2-1/2

[Event "Indonesia Open 2013"]
[Site "Jakarta INA"]
[Date "2013.10.13"]
[Round "5.3"]
[White "Shyam,SM"]
[Black "Moiseenko,A1"]
[Result "0-1"]
[WhiteElo "2536"]
[BlackElo "2703"]

1.d4 Nf6 2.Bg5 d5 3.e3 c6 4.Nd2 Qb6 5.Qc1 Bf5 6.Ngf3 Nbd7 7.c4 e6 8.c5 Qd8
9.b4 h6 10.Bxf6 Qxf6 11.Qc3 g5 12.Nb3 Bg7 13.Bd3 O-O 14.Bxf5 exf5 15.O-O Rfe8
16.Rfe1 f4 17.Nfd2 Nf8 18.e4 Ne6 19.e5 Qf5 20.Na5 Nxd4 21.Nxb7 Rxe5 22.Nd6 Qe6
23.Rxe5 Bxe5 24.Qd3 Ne2+ 25.Qxe2 Bxa1 26.Qxe6 fxe6 27.Nb3 Be5 28.Nb7 Bc7
29.b5 e5 30.bxc6 a5  0-1

[Event "Indonesia Open 2013"]
[Site "Jakarta INA"]
[Date "2013.10.14"]
[Round "6.44"]
[White "Torre,E"]
[Black "Tamin,U"]
[Result "1-0"]
[WhiteElo "2462"]
[BlackElo "2151"]

1.d4 Nf6 2.Bg5 g6 3.Nd2 Bg7 4.e4 d6 5.c3 O-O 6.Ngf3 b6 7.Bd3 Bb7 8.O-O h6
9.Bh4 c5 10.d5 g5 11.Bg3 Nh5 12.Nc4 Nxg3 13.hxg3 e6 14.Ne3 exd5 15.exd5 Bc8
16.Bf5 Na6 17.Nh2 b5 18.Qh5 Bxf5 19.Nxf5 Qf6 20.Qh3 Kh7 21.f4 b4 22.fxg5 Qxg5
23.Rf4 bxc3 24.bxc3 Bxc3 25.Raf1 Rae8 26.Nxh6 Qxh6 27.Rh4 Bd4+ 28.Kh1 Bg7
29.Rxh6+  1-0

[Event "US Chess League 2013"]
[Site "chess.com INT"]
[Date "2013.10.15"]
[Round "8"]
[White "Zimmer,Ra"]
[Black "Liu,Andrew"]
[Result "1-0"]
[WhiteElo "2142"]
[BlackElo "2204"]

1.d4 Nf6 2.Bg5 c5 3.Nc3 Qa5 4.Bxf6 gxf6 5.e3 f5 6.Qh5 cxd4 7.exd4 Bg7 8.Nf3 Nc6
9.Bc4 e6 10.Ng5 Nd8 11.O-O-O h6 12.Nf3 d5 13.Bb5+ Kf8 14.g4 a6 15.Bd3 f4
16.Kb1 Nc6 17.Ne2 Qc7 18.g5 hxg5 19.Qxg5 Bh6 20.Qf6 Bg7 21.Qg5 Bh6 22.Qg2 Bd7
23.c3 Ke7 24.h4 Rag8 25.Qf1 f6 26.Qe1 b5 27.Nc1 Kf8 28.Nb3 e5 29.dxe5 fxe5
30.Nc5 Bg4 31.Be2 Qd6 32.Nxa6 e4 33.Nd2 Bf5 34.Ka1 Nd4 35.cxd4 Qxa6 36.Nb3 Kf7
37.Qb4 Ra8 38.a3 Rhb8 39.Rc1 Bf8 40.Nc5 Qf6 41.Rhg1 Be7 42.Qb3 Qd6 43.Bh5+ Kf8
44.Bg4 b4 45.a4 Bxg4 46.Rxg4 Bf6 47.Rg6 Qc6 48.Rxf6+  1-0

[Event "35th Arco Open 2013"]
[Site "Arco ITA"]
[Date "2013.10.17"]
[Round "6.12"]
[White "Huemmer,B"]
[Black "Facchetti,G"]
[Result "1-0"]
[WhiteElo "2195"]
[BlackElo "2080"]

1.d4 Nf6 2.Bg5 d5 3.c3 e6 4.e3 Be7 5.Bd3 Nbd7 6.Nf3 c5 7.Nbd2 b6 8.O-O Bb7
9.Ne5 Nxe5 10.dxe5 Nd7 11.Bxe7 Qxe7 12.f4 f5 13.exf6 gxf6 14.Qh5+ Qf7 15.Qxf7+ Kxf7
16.e4 c4 17.Bc2 Nc5 18.exd5 Bxd5 19.b4 cxb3 20.axb3 a5 21.b4 axb4 22.cxb4 Na6
23.b5 Nc5 24.Kf2 h6 25.g3 Rhb8 26.Ke3 Ke7 27.Kd4 Ba2 28.Kc3 Rd8 29.Rfd1 Bd5
30.Kb4 Rdc8 31.Rdc1 Kd6 32.Rd1 Kc7 33.Bb3 Rxa1 34.Rxa1 Kd6 35.Bxd5 exd5 36.Ra7 Nd3+
37.Kb3 Rc5 38.Rh7 Rxb5+ 39.Kc3 Nc5 40.Rxh6 Ke7 41.Rh8 Ne6 42.Rb8 Kd6 43.h4 Kc7
44.Re8 Kd7 45.Rb8 Ke7 46.Nb3 Kd6 47.h5 d4+ 48.Nxd4 Nxd4 49.Kxd4 Ke7 50.Ke4 Rxh5
51.Rxb6 Ra5 52.Kf3 Kf7 53.Kg4 Kg6 54.Rb8 Ra4 55.Rb3 Rc4 56.Kf3 Rc6 57.Kg2 Ra6
58.Kh3 Rc6 59.Kh4 Ra6 60.Rb5 Rc6 61.f5+ Kh6 62.Rb4 Ra6 63.Rg4 Kh7 64.Rg6 Rb6
65.g4 Ra6 66.Kh5 Rb6 67.g5 Rb1 68.Rxf6 Rh1+ 69.Kg4 Rg1+ 70.Kf4 Rf1+ 71.Ke5 Re1+
72.Kd6 Kg7 73.Re6 Rd1+ 74.Ke7 Rf1 75.Rg6+ Kh7 76.Kf6 Ra1 77.Rg7+ Kh8 78.Re7 Ra6+
79.Kf7 Kh7 80.g6+  1-0